| 000 | 00000nam 2200000za 4500 |
| 001 | 9.573070 |
| 003 | CaOODSP |
| 005 | 20221107134029 |
| 007 | cr ||||||||||| |
| 008 | 150406s2000 onc|||||o f00| 0 eng d |
| 040 | |aCaOODSP|beng |
| 043 | |an-cn--- |
| 086 | 1 |aM22-132/15-2000E-PDF |
| 110 | 1 |aCanada. |bNatural Resources Canada. |
| 245 | 10|aTradeable Permits Working Group summary report |h[electronic resource] |
| 246 | 17|aTPWG options paper.|nPart 1,|pThe summary report |
| 260 | |aOttawa : |bThe Working Group,|c2000. |
| 300 | |a28p.|btable |
| 500 | |a"Draft: 16 March 2000". |
| 590 | |a12-10-Supp|b2012-03-23 |
| 710 | 2 |aNational Climate Change Secretariat (Canada).|bTradeable Permits Working Group. |
| 775 | 08|tGroupe de travail sur les permis échangeables, rapport sommaire |w(CaOODSP)9.603301 |
| 776 | 0#|tTradeable Permits Working Group: summary report / |w(CaOODSP)9.615208 |
| 856 | 40|ahttp://publications.gc.ca|qPDF|s99 KB|uhttps://publications.gc.ca/collections/Collection/M22-132-15-2000E.pdf |